000 00457nam a2200193Ia 4500
005 20250423094645.0
008 250422s9999 xx 000 0 und d
020 _a81-85044-60-0
050 _aHD 30.22 .K86/
100 _aKumar, Raj
245 0 _aBusiness Economics
250 _a2nd ed.
260 _aNew Delhi
260 _bUDH Publishers and Distrributor
260 _c2007
300 _a1012 p
650 _aBusiness Economics
942 _cBK
999 _c27901
_d27901